Introducing special relativity / (Record no. 28812)

000 -LEADER
fixed length control field 00639 a2200169 4500
020 ## - INTERNATIONAL STANDARD BOOK NUMBER
International Standard Book Number 9780415277624
020 ## - INTERNATIONAL STANDARD BOOK NUMBER
International Standard Book Number 9780415277624
082 04 - DEWEY DECIMAL CLASSIFICATION NUMBER
Classification number 530
090 ## - LOCALLY ASSIGNED LC-TYPE CALL NUMBER (OCLC); LOCAL CALL NUMBER (RLIN)
-- 174
-- 174
100 1# - MAIN ENTRY--PERSONAL NAME
Personal name Williams, W.S.C.
245 10 - TITLE STATEMENT
Title Introducing special relativity /
Statement of responsibility, etc. W.S.C. Williams.
260 ## - PUBLICATION, DISTRIBUTION, ETC.
Place of publication, distribution, etc. [S.l.] :
Name of publisher, distributor, etc. CRC Press,
Date of publication, distribution, etc. 2002.
300 ## - PHYSICAL DESCRIPTION
Extent 264 p. ;
Dimensions 24 cm.
942 ## - ADDED ENTRY ELEMENTS (KOHA)
Institution code [OBSOLETE] SNS
Koha item type Book
Call number prefix 530.11 WIL
Holdings
Withdrawn status Lost status Damaged status Not for loan Permanent Location Current Location Date acquired Total Checkouts Full call number Barcode Date last seen Price effective from Koha item type Date last checked out
        School of Natural Sciences (SNS) School of Natural Sciences (SNS) 05/26/2016   530.11 WIL SNS0000069 10/04/2019 05/26/2016 Book  
        School of Natural Sciences (SNS) School of Natural Sciences (SNS) 05/26/2016 1 530.11 WIL SNS0000424 08/29/2018 05/26/2016 Book 04/18/2018
© 2023 Central Library, National University of Sciences and Technology. All Rights Reserved.